000 01054nam a22002891i 4500
001 15699
003 ES-MaACL
005 20250712081849.0
007 t|
008 000504s1981 sp ||||0| spa j
020 _a84-7481-185-6
040 _aM-BN
_bspa
_cA2
080 _a1 Izquierdo, Sebastián
080 _a165
100 1 _aFuertes Herreros, José Luis.
_952966
245 1 3 _aLa lógica como fundamentación del arte general del saber en Sebastián Izquierdo
_b: Estudio del "Pharus Scientiarum" (1659) /
_cJosé Luis Fuertes Herreros.
260 _aSalamanca :
_bUniversidad,
_c1981.
300 _a332 p., 1 h ;
_c24 cm.
490 1 _aActa Salmanticensia. Filosofía y letras ;
_v137
504 _aBibliografía: p. 307-319.
600 1 4 _aIzquierdo, Sebastián (
_d1601-1681)-
_xCrítica e interpretación.
_965715
650 4 _aEpistemología.
_912338
710 2 _aUniversidad de Salamanca.
_97275
830 0 0 _aActa Salmanticensia
_v137
_9181394
852 _aES-MaACL
_jL-23111
_bR.123657
999 _c15699
_d15699